| 000 | 00550nam a2200193 a 4500 | ||
|---|---|---|---|
| 001 | 000026306 | ||
| 005 | 20200930024459.0 | ||
| 008 | 110310s1996 dr 000 0 spa d | ||
| 040 |
_aDO-SdBNP _bspa _cBNPHU |
||
| 082 |
_axxx _bF487p |
||
| 100 | 1 |
_aFillmore, Charles _953337 |
|
| 240 | 1 | 0 | _aProsperity |
| 245 | 1 | 0 |
_aProsperidad / _cCharles Fillmore ; traducción de Luis Molinary. |
| 250 | _a5a ed. | ||
| 260 |
_aSanto Domingo : _bAmigo del Hogar, _c1996. |
||
| 300 |
_a207 p. ; _c19 cm. |
||
| 700 | 1 |
_aMolinary, Luis _etrad. _950929 |
|
| 049 | _aBNPD | ||
| 999 |
_c25798 _d25798 |
||